Quizzes
Events
Quiz Creation
Community
Videos
Private Events
Remove Ads
Sign In
Join for FREE
Feedback
Dark Mode
Quiz Categories
Sports
Geography
Music
Movies
Television
Just For Fun
Miscellaneous
History
Literature
Language
Science
Gaming
Entertainment
Religion
Holiday
For Kids
Quiz Lab
Recent
Popular Today
Quiz Kudos Today
Editor Picks
Curator Picks
Quizzes by...
Day
Popularity
Type
Ratings
Length
Year
Community
Subscriptions
Recent Discussions
Orange Saloon
Badges
Playlists
Quests
Create
Leaderboards
Showdown
Live 5
Trivia Bingo
Activity
Puzzle Library
Sporcle Events
Private Events
Virtual Trivia
Globe League
Become a Host
Pub Owners
SporcleCon
Opinionation
Our Games
Videos
Blog
Mobile Apps
Partnerships
Remove Ads and Go Orange
Feedback
Literature
Harry Potter
A Song of Ice and Fire
The Hunger Games
Literary Character
Shakespeare
Book
Author
Novel
Poem
Young Adult
Children's Books
Play
Lord of the Rings
Literature
Harry Potter
A Song of Ice and Fire
The Hunger Games
Literary Character
Shakespeare
Book
Author
Novel
Poem
Young Adult
Children's Books
Play
Lord of the Rings
Random Quiz
Search Sporcle
×
Quiz Lab
Quiz Lab
Literature
Harry Potter
Type in answers that appear in a list
Type in answers that appear in a list
Classic
Best Score? Go Orange.
The HARDEST Harry Potter Game Stats
Can you name the Harry Potter A-Z?
By
tomflow
7m
26 Questions
130 Plays
130 Plays
130 Plays
Comments
Comments
Give Quiz Kudos
Give Quiz Kudos
-
- Ratings
hide this ad
Forced Order
Answers have to be entered in order
Answers have to be entered in order
Replay
Link that replays current quiz
Next Quiz
Link to next quiz in quiz playlist
You Got
0%
They Got
Avg Score
41%
Avg Friend Score
Upgrade to see
Score Distribution
Jump to the score distribution portion of the page
Score
0/26
Timer
07:00
0
Plays Today
Character Clue
% Correct
_
_
BB _
Dobby
86.2%
X _
_
_
_
_
_
_
_
_
_
/
_
_
_
_
_
_
_
_
Xenophilius Lovegood
80.8%
P _
P P _
/
P _
_
_
_
_
_
Poppy Pomfrey
77.7%
L _
_
_
/
L _
_
_
_
_
_
_
Luna Lovegood
75.4%
D_
D_
_
_
/
D_
_
_
_
_
Dudley Dursley
73.8%
Q _
_
_
_
_
_
/
Q _
_
_
_
_
_
_
Quirinus Quirrell
72.3%
_
_
_
_
_
/
_
_
FF _
_
_
_
FF
Helga Hufflepuff
68.5%
S _
_
_
_
_
S /
S _
_
_
_
Severus Snape
68.5%
_
H _
/
_
H _
_
_
Cho Chang
56.2%
_
_
_
I _
I
Nagini
50%
_
_
_
/
J _
_
_
_
_
Lee Jordan
38.5%
_
_
_
W _
_
Hedwig
35.4%
K_
_
_
_
_
_
_
/
_
_
_
_
K _
_
_
_
_
_
Kingsley Shacklebolt
32.3%
Character Clue
% Correct
_
_
_
_
_
_
/
_
_
NN _
_
_
N
Seamus Finnigan
30.8%
_
_
T _
_
/
_
_
T T _
_
_
_
_
Peter Pettigrew
28.5%
_
U _
U _
/
_
_
_
_
_
_
_
U _
Rufus Scrimgeour
26.9%
_
_
_
_
_
O _
/
_
OO _
_
Alastor Moody
23.1%
_
_
_
R _
R /
_
R _
_
_
_
_
_
Fenrir Greyback
23.1%
A _
_
_
_
_
/
_
_
A _
_
_
_
Arthur Weasley
20.8%
_
_
_
_
_
_
_
/
_
_
G _
_
_
G _
_
_
_
Minerva McGonagall
20%
_
_
_
M _
_
/
M _
_
_
M _
Olympe Maxime
19.2%
_
_
_
C _
_
/
C _
_
_
_
_
_
Alecto/Amycus Carrow
17.7%
_
_
_
Z _
_
_
_
/
_
_
_
_
_
Hepzibah Smith
16.9%
_
_
V _
_
_
_
_
/
_
_
_
_
_
Lavender Brown
15.4%
_
_
_
_
/
_
_
EE _
E _
Rita Skeeter
14.6%
_
_
_
_
_
_
Y /
_
_
Y _
_
Gregory Goyle
12.3%
Quiz Playlist
Details
Report
Send in Message
Add To Playlist
Classic:
Type in answers that appear in a list
Forced Order:
Answers have to be entered in order
Quiz Source
Last Updated: Feb 16, 2017
Quiz Scoreboard
CHALLENGE
Sign Up to Join the Scoreboard
Show All
Scores
Hide
Comments
May contain spoilers
Recently Published
College Basketball Coaching Resumes
by pancakes188
Sports
9m
Billboard Blitz: Fleetwood Mac
by CooCooCachoo
Music
15s
Presidents Visiting Landmarks
by Hejman
History
7m
More to Explore
Quiz From the Vault
Featured Blog Post
Where Did the Easter Bunny Come From?
hide this ad
You Might Also Like...
Tags
Harry Potter Quiz
A-Z
Character
Today's Top Quizzes in Literature
Browse Literature
hide this ad
Today's Top Quizzes in Harry Potter
Browse Harry Potter
Top Contributed Quizzes in Literature
1
Sneaky Slytherin Logic Puzzle
2
Get The Picture: Black or White Literature
3
5-to-1: Plays
4
A Court of Thorns and Roses (ACoTaR) Logic Puzzle
5
One Thing in Common: Literature
6
One Thing in Common: Literature II
7
One Thing in Common: Books
8
One Thing in Common: Literature 3
9
Harry Potter Neighbourly Logic Puzzle #5
10
Literary Siblings Odd One Out III
Explore More
Trending Topics
Marvel
Harry Potter
Kpop
Anime
Disney
Crossword
NBA
Song
Puzzle
NFL
Pokémon
The Office
Soccer
Country
WWE
hide this ad
More By:
tomflow
Quiz
Plays
Rating
Category
Featured
Created
Geography Threesome Challenge
83,690
4.62
Geography
Aug 31, 2010
Geography Foursomes
7,973
3.95
Geography
Aug 31, 2010
Geography Fivesomes
4,473
4.16
Geography
Sep 1, 2010
Geography Foursomes II
4,427
4.10
Geography
Sep 2, 2010
Harry Potter Innuendo
3,422
3.70
Literature
Aug 16, 2010
Go to Creator's Profile
Score Distribution
Quiz Creator Spotlight
tomflow
Follow
Send a Message
Quizzes Created
-
Created Quiz Play Count
-
More By This Creator
Popular Quizzes Today
1
Find the US States - No Outlines Minefield
2
Find the Countries of Europe - No Outlines Minefield
3
The Countries of the World
4
Find the US States
5
Risky Map Clicking: Biggest States A-Z
6
US States
7
Popular People in 1961
8
Movies - When Are They Set?
More Literature Quizzes
Click the Famous Poets
Published
Trending Quizzes
Risky Map Clicking: Least Populous States A-Z
1-10 Letter G Words
1-10 Letter F Words
Risky Map Clicking: Next State Alphabetically
Click the Washington State Counties! (Map)
Recently Updated
Leaping Animals
pecheneg
Reality TV Shows (A-Z)
bhenderson79
Rickey Henderson's Hall of Fame Teammates
pecheneg
Champions League XIs: Arsenal
pecheneg
Quick Pick: Celebrities in WWE's Hall of Fame
aduchscher
A-Z Keypad Blitz II
pecheneg
Multiple Oscar Actors
pecheneg
Mystery Phrase Blitz: Oscar 'Best Actors'
pecheneg
F. Scott Fitzgerald Novels
LTH
Pick 3 Villains
ddd62291
Trending Topics
Kpop
Disney
Harry Potter
Marvel
Anime
Crossword
NBA
Country
NFL
The Office
Puzzle
Song
Soccer
WWE
Pokémon
Your Account Isn't Verified!
In order to create a playlist on Sporcle, you need to verify the email address you used during registration. Go to your
Sporcle Settings
to finish the process.
Report this User
Report this user for behavior that violates our
Community Guidelines
.
Details:
Send Report
Go to the Sporcle.com Mobile Site →
Comments